000 00616nas a2200229 4500
001 BR8701034
003 BR-BrBNA
005 20231205090557.0
007 ta
008 230509b bl.|||p| |||| 00| 00por d
040 _aBR-BrBNA
_bpor
_cBiblioteca Nacional de Agricultura
041 _a(Pt)
072 _aF01
100 1 _aAnon.
245 1 _aFrutas na era da plasticultura
650 _aFRUTICULTURA
650 _aPLASTICO
650 _aESTUFA
773 0 _tToda Fruta (Brazil)
_xISSN 0102-7166
_g(May 1986), v. 1(1) p. 34-35
_wBR8701034
909 _a202311
_bLúcia
_c55
_dLúcia Elande
942 _2AGRIS
_n0
_cANA
999 _c119471
_d119471